| 000 | 00433nam a2200157 a 4500 | ||
|---|---|---|---|
| 005 | 20140414131933.0 | ||
| 008 | 121029s19uu xx 00 eng d | ||
| 020 | _a9780877798545 | ||
| 050 |
_aREF 423 _bM555 2006 |
||
| 245 | _aMerriam-Webster's rhyming dictionary. | ||
| 250 | _a2nd | ||
| 260 |
_aU.S.A : _bMerriam-Webster, Incorporated, _c2006. |
||
| 300 | _av.;443 | ||
| 650 | _aEnglish language-dictionaries. | ||
| 999 |
_c112320 _d112320 |
||